| 000 | 01115nam a2200301 i 4500 | ||
|---|---|---|---|
| 003 | DO-SdBNP | ||
| 005 | 20260602134853.0 | ||
| 007 | ta | ||
| 008 | 260602b2021 dr ||||| |||| 00| 0 spa d | ||
| 020 | _a9789945301250 | ||
| 040 |
_aDO-SdBNP _bspa _cBNPHU _erda |
||
| 041 | _aspa | ||
| 082 | 4 |
_axxx _bV145e _222 |
|
| 100 |
_aValdez, Milton Fredy, _eautor _4aut. _989611 |
||
| 245 | 1 | 0 |
_aEnfermedad mental por sugestión : _bcasos de una investigación antropológica / _cMilton Fredy Valdez ; diagramación, Manuel Cubilette ; pintura, Parmenio Díaz |
| 246 | 1 | 4 |
_aEnfermedad mental por sugestión : _bel acto de ser el deseo del Otro |
| 264 | 4 |
_aSanto Domingo, República Dominicana : _b[editor no identificado] ; _c©2021. |
|
| 300 |
_a101 páginas ; _c23 cm. |
||
| 336 |
_atexto _btxt _2rdacontent |
||
| 337 |
_asin mediación _bn _2rdamedia |
||
| 338 |
_avolumen _bnc _2rdacarrier |
||
| 500 | _aEl acto de ser el deseo del Otro | ||
| 500 | _aCasos de una investigación antropológica | ||
| 504 | _aBibliografía: páginas 99-101 | ||
| 590 | _aInventariado, 2026 /LP | ||
| 910 | _aLP | ||
| 942 |
_2ddc _cLBS1 |
||
| 999 |
_c60851 _d60851 |
||